[Event "Ceske Budejovice op-B"]
[Site "Ceske Budejovice"]
[Date "2023.07.09"]
[Round "9"]
[White "Trcka, Bohdan"]
[Black "Kordik, Jan"]
[Result "0-1"]
[WhiteElo "1361"]
[BlackElo "1293"]
[PlyCount "99"]
[EventDate "2023.07.01"]
[EventType "swiss"]
[EventRounds "9"]
[EventCountry "CZE"]
[SourceTitle "EXT 2024"]
[Source "ChessBase"]
[SourceDate "2023.10.10"]
[SourceVersion "1"]
[SourceVersionDate "2023.10.10"]
[SourceQuality "1"]

1. e4 e6 2. Be2 d5 3. e5 c5 4. d3 Nc6 5. f4 f6 6. Nf3 fxe5 7. Nxe5 Nxe5 8. fxe5 Ne7 9. Bh5+ g6 10. Bf3 Bg7 11. Bf4 Nc6 12. 0-0 Nxe5 13. c3 Nxf3+ 14. Rxf3 0-0 15. Qf1 Qb6 16. Qf2 e5 17. Bc1 Rxf3 18. Qxf3 c4+ 19. d4 Be6 20. a4 a5 21. Na3 exd4 22. Nb5 dxc3+ 23. Be3 cxb2 24. Re1 d4 25. Bf2 c3 26. Nxc3 Qb3 27. Rxe6 Qxe6 28. Qxb7 Rc8 29. Qxb2 dxc3 30. Qc2 Qf5 31. Qb3+ Kh8 32. Be3 Rf8 33. h4 Be5 34. Qd1 c2 35. Qe2 Rc8 36. g4 c1Q+ 37. Bxc1 Rxc1+ 38. Kg2 Rc2 39. gxf5 Rxe2+ 40. Kf3 Ra2 41. fxg6 Rxa4 42. h5 Rb4 43. gxh7 a4 44. h6 a3 45. Ke3 a2 46. Kd2 a1Q 47. Kc2 Qb2+ 48. Kd3 Qa3+ 49. Kc2 Rb2+ 50. Kc1 0-1

[Event "Ceske Budejovice op-B"]
[Site "Ceske Budejovice"]
[Date "2023.07.08"]
[Round "8"]
[White "Kordik, Jan"]
[Black "Stodola, Zdenek"]
[Result "0-1"]
[WhiteElo "1293"]
[BlackElo "1482"]
[PlyCount "94"]
[EventDate "2023.07.01"]
[EventType "swiss"]
[EventRounds "9"]
[EventCountry "CZE"]
[SourceTitle "EXT 2024"]
[Source "ChessBase"]
[SourceDate "2023.10.10"]
[SourceVersion "1"]
[SourceVersionDate "2023.10.10"]
[SourceQuality "1"]

1. e4 Nf6 2. e5 Nd5 3. d4 d6 4. c4 Nb6 5. exd6 cxd6 6. Nc3 Nc6 7. d5 Ne5 8. b3 e6 9. Be2 exd5 10. cxd5 Bf5 11. Nf3 Rc8 12. Bb2 Be7 13. 0-0 0-0 14. Re1 Bf6 15. Rc1 Nxf3+ 16. Bxf3 Qd7 17. a4 a5 18. Ba1 Bg5 19. Qd4 Bxc1 20. Nb5 Bh6 21. g4 Bg6 22. g5 Rfe8 23. Rf1 Qf5 24. gxh6 Qg5+ 25. Kh1 Qxh6 26. Nxd6 Rc1 27. Rg1 Rxg1+ 28. Kxg1 Re1+ 29. Kg2 Qg5+ 30. Kh3 Rxa1 31. Qxa1 Bf5+ 32. Nxf5 Qxf5+ 33. Kg3 Qg5+ 34. Bg4 h5 35. Qd4 Qxg4+ 36. Qxg4 hxg4 37. Kxg4 Nxd5 38. f4 Ne3+ 39. Kf3 Nf5 40. Ke4 g6 41. Kd5 Kf8 42. Kc5 Ne7 43. Kb6 Nd5+ 44. Kxa5 f5 45. h4 Nxf4 46. Kb6 Ne6 47. Kxb7 Nc5+ 0-1